| 000 | 00000nas 2200000za 4500 |
| 001 | 9.503475 |
| 003 | CaOODSP |
| 005 | 20251121154654 |
| 007 | cr ||||||||||| |
| 008 | 150406c20129999qucar p o||||f0 b0fre|d |
| 040 | |aCaOODSP|bfre |
| 043 | |an-cn--- |
| 086 | 1 |aIu131-2F-PDF |
| 110 | 2 |aBanque de développement du Canada. |
| 245 | 10|aSommaire du plan d'entreprise de BDC de ... à ... |h[ressource électronique] : |bbudget d'exploitation, budget des dépenses en capital. |
| 246 | 1 |aBDC sommaire de la modification au Plan d’entreprise,|f2020-2021 à 2024-2025 |
| 260 | |a[Montréal] : |bBanque de développement du Canada, |c[2012] - |
| 310 | |aAnnuel |
| 362 | 1 |zParaît depuis : 2012/2013 à 2016/2017. |
| 500 | |aPubl. aussi en anglais sous le titre : BDC corporation plan summary ... to ...: operating budget, capital budget. |
| 500 | |a«La présente modification au Plan d’entreprise 2020-2021 à 2024-2025 de BDC décrit les mesures prises pour faire face à la crise de la COVID-19 et de son incidence sur le budget d’exploitation, le plan relatif au capital et le plan d’emprunt. Pendant que nous concentrons nos efforts à aider les entrepreneurs canadiens à surmonter cette période difficile à court terme, le volume des activités des secteurs d’activité de base décrit dans notre Plan d’entreprise 2020-2021 à 2024-2025, approuvé par le Conseil du Trésor le 20 mars 2020, a été ajusté et reporté à plus tard dans la période de planification.»--Page 5, Sommaire de la modification au Plan d’entreprise 2020-2021 à 2024-2025. |
| 692 | 07|2gccst|aPlanification budgétaire |
| 692 | 07|2gccst|aFonctionnement |
| 775 | 08|tBDC corporate plan summary ... to ... |w(CaOODSP)9.507097 |